Calgary Flames Leaders - Statistics

General Stats
  • This quiz has been taken 89 times
    36 since last reset
  • The average score is 34 of 52
Answer Stats
Stat Number Answer % Correct
Most Goals 525 Jarome Iginla
100%
Most Assists 570 Jarome Iginla
100%
Most Points 1095 Jarome Iginla
100%
Most Games Played 1219 Jarome Iginla
100%
Game-Winning Goals 83 Jarome Iginla
100%
Most Goals 213 Al MacInnis
86%
Most Assists 609 Al MacInnis
86%
Most Points 822 Al MacInnis
86%
Most Games Played 803 Al MacInnis
86%
Most Goals 364 Theo Fleury
86%
Most Assists 466 Theo Fleury
86%
Most Points 830 Theo Fleury
86%
Most Games Played 791 Theo Fleury
86%
Game-Winning Goals 53 Theo Fleury
86%
Most Goals 215 Lanny McDonald
82%
Most Assists 366 Mark Giordano
82%
Most Points 509 Mark Giordano
82%
Most Games Played 949 Mark Giordano
82%
Most Goals 314 Joe Nieuwendyk
77%
Most Points 616 Joe Nieuwendyk
77%
Game-Winning Goals 43 Joe Nieuwendyk
77%
Most Goals 215 Mikael Backlund
77%
Most Assists 348 Mikael Backlund
77%
Most Points 563 Mikael Backlund
77%
Most Games Played 1066 Mikael Backlund
77%
Game-Winning Goals 38 Mikael Backlund
77%
Game-Winning Goals 33 Joe Mullen
59%
Most Goals 257 Gary Roberts
55%
Game-Winning Goals 27 Gary Roberts
55%
Most Assists 436 Gary Suter
55%
Most Points 564 Gary Suter
55%
Most Games Played 617 Gary Suter
55%
Most Goals 212 Sean Monahan
55%
Most Games Played 656 Sean Monahan
55%
Game-Winning Goals 47 Sean Monahan
55%
Most Goals 229 Kent Nilsson
50%
Most Assists 333 Kent Nilsson
50%
Most Points 562 Kent Nilsson
50%
Most Assists 336 Guy Chouinard
45%
Most Points 529 Guy Chouinard
45%
Most Games Played 711 Jim Peplinski
45%
Most Games Played 730 Joel Otto
45%
Game-Winning Goals 30 Elias Lindholm
41%
Most Assists 336 Paul Reinhart
41%
Most Games Played 826 Robyn Regehr
41%
Most Games Played 634 T.J. Brodie
36%
Game-Winning Goals 29 Eric Vail
32%
Most Goals 210 Johnny Gaudreau
32%
Most Assists 399 Johnny Gaudreau
32%
Most Points 609 Johnny Gaudreau
32%
Most Games Played 602 Johnny Gaudreau
32%
Game-Winning Goals 41 Johnny Gaudreau
32%
No matching quizzes found
Score Distribution
Percent of People with Each Score
Percentile by Number Answered
Your Score History
You have not taken this quiz since the last reset